000
00319nam a22001337a 4500
003
OSt
008
240709b |||||||| |||| 00| 0 eng d
082
_a
362.70954
_b
P93R
100
_a
NIPC&CD, N. Delhi
245
_a
Research on ICDS an Overview
260
_a
NIPC&CD, N. Delhi
_c
1989
300
_a
507
942
_2
ddc
_c
RP
999
_c
40752
_d
40752